Vista normal Vista MARC

Entrada Geographic Name

Número de registros utilizados en: 1

001 - CONTROL NUMBER

  • control field: 37500

003 - CONTROL NUMBER IDENTIFIER

  • control field: OSt

005 - DATE AND TIME OF LATEST TRANSACTION

  • control field: 20210510114309.0

008 - FIXED-LENGTH DATA ELEMENTS

  • fixed length control field: 210510|| aca||aabn | a|a d

040 ## - CATALOGING SOURCE

  • Original cataloging agency: OSt
  • Transcribing agency: OSt

151 ## - HEADING--GEOGRAPHIC NAME

  • Geographic name: Colombia
  • Form subdivision: Congresos, conferencias, etc.
  • General subdivision: Emigración e inmigración

670 ## - SOURCE DATA FOUND

  • Source citation: Work cat.: (OSt)7545: Ministerio de Relaciones Exteroiores 14739, Colombia nos une : , 2004